Dizionario dei telefilm /
I tiakina i:
| Ngā kaituhi matua: | , |
|---|---|
| Hōputu: | Pukapuka |
| Reo: | Itāriana |
| I whakaputaina: |
Milano :
Garzanti,
2004
|
| Putanga: | Nuova ed. ampliata e aggiornata |
| Rangatū: | Saggi
|
| Ngā marau: | |
| Ngā Tūtohu: |
Kāore He Tūtohu, Me noho koe te mea tuatahi ki te tūtohu i tēnei pūkete!
|
MARC
| LEADER | 00000nam a2200000 i 4500 | ||
|---|---|---|---|
| 001 | IT\ICCU\UBO\2436312 | ||
| 003 | ItRI | ||
| 005 | 20260115231859.0 | ||
| 008 | 040507s2004 it |||||| ||||| |||||c | ||
| 015 | |2 IT |a 2005-7777 | ||
| 020 | |a 8811600243 | ||
| 040 | |b ita |c importazione bologna sebina | ||
| 041 | 7 | |a ita |2 ISO-639-2 | |
| 082 | |a 016.79143 |9 BIBLIOGRAFIE E CATALOGHI DI ARTI DELLO SPETTACOLO. Cinema |2 21 | ||
| 082 | |a 791.4575 |9 DUE O PIU PROGRAMMI TELEVISIVI |2 21 | ||
| 100 | 1 | |a Damerini, Leopoldo |0 IT\ICCU\IEIV\059583 |4 aut | |
| 245 | 1 | 0 | |a Dizionario dei telefilm / |c Leopoldo Damerini, Fabrizio Margaria. |
| 250 | |a Nuova ed. ampliata e aggiornata | ||
| 260 | |a Milano : |b Garzanti, |c 2004 | ||
| 300 | |a XVII, 855 p., [16] c. di tav. :ill. ; |c 21 cm | ||
| 500 | |a Tit. dell'ed. precedente: Il dizionario dei telefilm. | ||
| 650 | 7 | |a Telefilm | |
| 700 | 1 | |a Margaria, Fabrizio |0 IT\ICCU\IEIV\059584 |4 aut | |
| 830 | 0 | |a Saggi |0 IT\ICCU\RAV\0025970 | |
| 942 | |2 ddc |c BK |n 0 | ||
| 952 | |0 0 |1 0 |4 0 |6 DOC_791_457000000000000_DAM |7 0 |9 15179 |a BO |b BO |d 2026-01-15 |i 8629 |l 0 |o DOC 791.457 DAM |p BO8629 |r 2026-01-15 23:18:59 |w 2026-01-15 |x [Sebina 5] [1 v.] |y BK |z 1 v. | ||
| 999 | |c 13065 |d 13065 | ||